Statistics for Obfuscations of Song Titles

Click here to take the quiz!

General Stats

  • This quiz has been taken 5,710 times
  • The average score is 9 of 17

Answer Stats

Obfuscation Song Title % Correct
Pelvic body parts are incapable of fabricationsHips Don't Lie
86%
The probability of you contacting me via telephone technology is greater
than 0% but less than 100%
Call Me Maybe
68%
Imitating a person whose level of sexual intercourse is nilLike a Virgin
66%
Ambulate in the method employed by a person of the northeast of the African continentWalk Like an Egyptian
59%
Discharge some C6H12O6 on mePour Some Sugar on Me
55%
In all future states I will express amorous emotions directed at youI Will Always Love You
55%
Greetings upon entering a densely forested area with a high temperature and
an annual precipitation of at least 250 centimeters
Welcome to the Jungle
53%
Person who disturbs the surface of the Earth in an attempt to
obtain minerals of an aurian nature
Gold Digger
52%
Lunar object of a malevolent nature in ascendenceBad Moon Rising
50%
Complete occultation of the primary organ of the circulatory systemTotal Eclipse of the Heart
50%
The chronological instances in which a pigeon expresses lacrimal fluidWhen Doves Cry
46%
The level of monetary remuneration is positively correlated with the number of dilemmasMo Money Mo Problems
46%
Release it from your grasp in a manner that suggests the thermal energy
of the grasped object is too elevated
Drop it Like It's Hot
43%
Ending my biological functions at a low decibel level with his melodious intonationsKilling Me Softly with
His Song
40%
I ingested a pharmaceutical object on a Balearic islandI Took a Pill in Ibiza
36%
Solely a person whose relationship is of a Platonic natureJust a Friend
33%
Fermented fruit of the genus Vitus that reflects light in the wavelengths
between 620 and 740 nanometers
Red, Red Wine
28%

Score Distribution

Percentile by Number Answered

Percent of People with Each Score

Your Score History

You have not taken this quiz